| 000 | 00941fam a2200313 a 4500 | ||
|---|---|---|---|
| 001 | 2075609 | ||
| 003 | ARRUPE | ||
| 005 | 20150904152617.0 | ||
| 008 | 970811s1997 enk b 001 0 eng | ||
| 010 | _a 97074442 | ||
| 020 | _a1840141107 | ||
| 035 | _a(OCoLC)38584655 | ||
| 035 | _a(OCoLC)ocm38584655 | ||
| 035 | _a(NNC)2075609 | ||
| 040 |
_aDLC _cDLC |
||
| 050 | 0 | 0 |
_aQ175 _b.G522 1997 |
| 082 | 0 | 0 |
_a501 _221 |
| 100 | 1 |
_aGinev, DimitÅr. _919346 |
|
| 245 | 1 | 0 |
_aEssays in the hermeneutics of science / _cDimitri Ginev. |
| 260 |
_aAldershot, Hants., England ; _aBrookfield, Vt., USA : _bAshgate, _cc1997. |
||
| 300 |
_av, 103 p. ; _c23 cm. |
||
| 490 | 1 | _aAvebury series in philosophy | |
| 504 | _aIncludes bibliographical references and index. | ||
| 650 | 0 |
_aScience _xPhilosophy. _919350 |
|
| 650 | 0 |
_aHermeneutics. _919351 |
|
| 830 | 0 |
_aAvebury series in philosophy. _919352 |
|
| 942 |
_2lcc _cMONOGRAPH |
||
| 999 |
_c123247 _d123247 |
||